000 00573nam a2200193Ia 4500
003 GCL
008 140319s9999 xx 000 0 ara d
040 _aGCL /
_cGCL
082 0 4 _a375.001
_bح ا
100 1 _aحسين سليمان قورة
245 1 0 _aالاصول التربوية فى بناء المناهج /
_cحسين سليمان قورة
260 _a[S.N] :
_bدار المعارف ،
_c1979
300 _a483 ص
490 _a
650 0 4 _aطرق التدريس
650 0 4 _aالتربية
650 0 4 _aتطوير المناهج
942 _2ddc
_cBK
999 _c42605
_d42605